|
|
|
|
| LEADER |
02309nam a2200517 a 4500 |
| 001 |
mzk03001200066 |
| 003 |
CZ BrMZK |
| 005 |
20140530141157.0 |
| 007 |
ta |
| 008 |
140530s1736 fr fr|||||00| ||fre|d |
| 040 |
|
|
|a BOA001
|b cze
|
| 041 |
1 |
|
|a fre
|h grc
|
| 072 |
|
7 |
|a 27-9
|x Dějiny křesťanské církve
|2 Konspekt
|9 5
|
| 072 |
|
7 |
|a 094
|x Staré tisky
|2 Konspekt
|9 12
|
| 080 |
|
|
|a 27-9
|2 MRF
|
| 080 |
|
|
|a 94(=411.16)
|2 MRF
|
| 080 |
|
|
|a 025.171
|2 MRF
|
| 080 |
|
|
|a (0.068)094
|2 MRF
|
| 100 |
0 |
|
|a Josephus Flavius,
|d 37-asi 100
|7 jn19981001581
|4 aut
|
| 245 |
1 |
0 |
|a HISTOIRE DE LA GUERRE JUIFS CONTRE LES ROMAINS.
|n TOME QUATRIÉME /
|c PAR FLAVIUS JOSEPH, Et sa Vie écrite par lui-même. PAR MR. ARNAULD D'ANDILLY
|
| 246 |
3 |
|
|a HISTOIRE DES JUIFS
|
| 250 |
|
|
|a NOUVELLE EDITION
|
| 260 |
|
|
|a A PARIS :
|b Chez CAILLAU, Quay des Augustins ;
|a A PARIS :
|b Chez CHARDON, rue Galande ;
|a A PARIS :
|b Chez GISSEY, rue de la vieille Bouclerie ;
|a A PARIS :
|b Chez BORDELET, rue saint Jacques ;
|a A PARIS :
|b Chez HENRY, rue saint Jacques,
|c 1736
|
| 300 |
|
|
|a [30], lxvj, [8], 368, [16] s. ;
|c 8°
|
| 500 |
|
|
|a Výzdoba: Nad impresem vinětka, vlysy, iniciály, viněty, linky
|
| 561 |
|
|
|a Provenience: Exlibris se studujícím mnichem
|
| 563 |
|
|
|a Původní usňová vazba, hovězina se zlaceným slepotiskovým hřbetem, hřbetní nápisový štítek, lepenkové desky, červeně stříkaná ořízka
|
| 650 |
|
7 |
|a církevní dějiny
|7 ph114283
|2 czenas
|
| 650 |
|
7 |
|a dějiny Židů
|7 ph489410
|2 czenas
|
| 650 |
|
7 |
|a historické knihovní fondy
|7 ph172933
|2 czenas
|
| 655 |
|
7 |
|a staré tisky
|7 fd422076
|2 czenas
|
| 700 |
1 |
|
|a Arnauld d'Andilly, Robert,
|d 1589-1674
|7 ola2008481179
|4 trl
|
| 856 |
4 |
1 |
|u https://imageserver.mzk.cz/mzk03/001/200/066/328100212335.titul.jp2
|y Titulní list
|
| 903 |
|
|
|a RP
|
| 910 |
|
|
|e BOE950
|c R - L. II. d. 10
|
| 978 |
|
|
|b Cailleau - dílna
|a Paris
|c 1736
|
| 978 |
|
|
|b Chardon - dílna
|a Paris
|c 1736
|
| 978 |
|
|
|b Gissey - dílna
|a Paris
|c 1736
|
| 978 |
|
|
|b Bordelet - dílna
|a Paris
|c 1736
|
| 978 |
|
|
|b Henry - dílna
|a Paris
|c 1736
|
| 982 |
0 |
|
|a Rajhrad - benediktinský klášter
|
| 984 |
|
|
|a Paříž
|b Francie
|
| 990 |
|
|
|a BK
|
| 996 |
|
|
|e BOE950
|c R - L. II. d. 10
|
| 980 |
|
|
|c 212335
|g R - L. II. d. 10
|1 328100212335
|p N. 5422 ; J. I. a. 21 ; G. II. f. 29
|
| 991 |
|
|
|k rajhrad
|